[Event "Mercredi 2018.11.14 ABCD"]
[Site "Montreal CAN"]
[Date "2018.12.05"]
[Round "4"]
[White "Zheng, Richard"]
[Black "Nunez, Omar"]
[Result "1/2-1/2"]
[WhiteElo "2028"]
[BlackElo "1973"]
[PlyCount "64"]
[EventDate "2018.11.14"]
[EventType "tourn"]
[EventRounds "5"]
[EventCountry "CAN"]

1. d4 d6 2. e4 g6 3. Nf3 Bg7 4. c3 Nf6 5. Bd3 O-O 6. O-O c6 7. h3 a5 8. Bf4
Nbd7 9. Qc2 b5 10. Nbd2 Nb6 11. Rfe1 Bd7 12. Bh2 Rc8 13. Nf1 c5 14. Qe2 b4 15.
Ba6 Rc7 16. e5 Ne8 17. exd6 exd6 18. dxc5 Rxc5 19. cxb4 axb4 20. Ne3 Bc6 21.
Rab1 Qa8 22. Nd2 Ra5 23. Bc4 Nxc4 24. Ndxc4 Rxa2 25. Nxd6 Nxd6 26. Bxd6 Re8 27.
Qf1 Be4 28. Ra1 b3 29. Ba3 Bb7 30. Qc4 Rxa1 31. Rxa1 Rxe3 32. fxe3 Bxg2 1/2-1/2

[Event "Mercredi 2018.11.14 ABCD"]
[Site "Montreal CAN"]
[Date "2018.12.12"]
[Round "5"]
[White "Abdelaal, Ibrahim"]
[Black "Tremblay, Alain"]
[Result "0-1"]
[WhiteElo "2066"]
[BlackElo "2084"]
[PlyCount "38"]
[EventDate "2018.11.14"]
[EventType "tourn"]
[EventRounds "5"]
[EventCountry "CAN"]

1. e4 c5 2. Nf3 e6 3. b4 b6 4. bxc5 bxc5 5. Nc3 Nc6 6. d4 cxd4 7. Nxd4 Bb4 8.
Nde2 Ba6 9. Bd2 Nf6 10. f3 d5 11. exd5 exd5 12. a3 Ba5 13. Na4 O-O 14. Nc5 Bc4
15. Nb3 Bb6 16. Bc3 Re8 17. Nbd4 Rc8 18. Nxc6 Rxc6 19. Qd2 Bxe2 0-1

[Event "Mercredi 2018.11.14 ABCD"]
[Site "Montreal CAN"]
[Date "2018.12.12"]
[Round "5"]
[White "Alcantara, Maximo jr"]
[Black "Brodie, Hugh"]
[Result "0-1"]
[WhiteElo "1815"]
[BlackElo "1859"]
[PlyCount "96"]
[EventDate "2018.11.14"]
[EventType "tourn"]
[EventRounds "5"]
[EventCountry "CAN"]

1. Nf3 c5 2. c3 Nc6 3. d4 cxd4 4. cxd4 d5 5. g3 g6 6. Bg2 Bg7 7. e3 Nf6 8. Nc3
O-O 9. O-O Bg4 10. a3 Rc8 11. Qb3 Na5 12. Qa4 Rc4 13. Qd1 a6 14. h3 Bxf3 15.
Bxf3 b5 16. Bd2 e6 17. b4 Nb7 18. Rc1 Nd6 19. Be2 Rc8 20. a4 Qb6 21. axb5 axb5
22. Ra1 Ra8 23. Qb3 Nfe4 24. Nxe4 Nxe4 25. Qd3 Nd6 26. Qc3 Nc4 27. Bxc4 dxc4
28. Ra3 Qb7 29. f3 Rxa3 30. Qxa3 Ra8 31. Qb2 Ra4 32. Kf2 Qa7 33. Rb1 Ra3 34.
Ke1 Qa4 35. Bc3 Ra2 36. Qc1 Rc2 37. Qd1 Rxc3 38. Qxa4 bxa4 39. b5 Rb3 40. Rxb3
cxb3 41. Kd2 a3 42. Kc3 a2 43. Kb2 Bf8 44. b6 Bd6 45. e4 Kf8 46. f4 Ke8 47. g4
Bxf4 48. e5 Kd7 0-1

[Event "Mercredi 2018.11.14 ABCD"]
[Site "Montreal CAN"]
[Date "2018.12.12"]
[Round "5"]
[White "Gates, Claude-Eric"]
[Black "Baran, Marius"]
[Result "0-1"]
[WhiteElo "1815"]
[BlackElo "1789"]
[PlyCount "62"]
[EventDate "2018.11.14"]
[EventType "tourn"]
[EventRounds "5"]
[EventCountry "CAN"]

1. d4 d5 2. c4 e6 3. Nc3 Nf6 4. cxd5 exd5 5. Bg5 c6 6. Qc2 Be7 7. e3 Be6 8. Bd3
Nbd7 9. Nge2 a6 10. O-O O-O 11. f3 Re8 12. Rad1 Nf8 13. Kh1 Nh5 14. Bxe7 Qxe7
15. e4 dxe4 16. fxe4 Nf6 17. Nf4 Rad8 18. Nxe6 Nxe6 19. e5 Ng4 20. Qe2 h5 21.
Qe4 g6 22. Bc4 Qh4 23. h3 Nf2+ 24. Rxf2 Qxf2 25. Bxe6 Rxe6 26. d5 cxd5 27. Nxd5
Rde8 28. Qc4 Rxe5 29. Rg1 Qf5 30. Rf1 Re1 31. Kg1 Rxf1+ 0-1

[Event "Mercredi 2018.11.14 ABCD"]
[Site "Montreal CAN"]
[Date "2018.12.12"]
[Round "5"]
[White "Giurgiev, Silvius"]
[Black "O'Neill, Brendon"]
[Result "0-1"]
[WhiteElo "1713"]
[BlackElo "1774"]
[PlyCount "96"]
[EventDate "2018.11.14"]
[EventType "tourn"]
[EventRounds "5"]
[EventCountry "CAN"]

1. e4 c5 2. Nf3 d6 3. c3 Nf6 4. h3 a6 5. Bd3 Nbd7 6. a4 g6 7. Na3 Bg7 8. Bc2
O-O 9. d4 cxd4 10. cxd4 b6 11. O-O Bb7 12. Re1 Rc8 13. Bd2 Rc7 14. Bc3 Qa8 15.
Qe2 Rfc8 16. Nh2 Nh5 17. Qd2 e5 18. d5 Nf4 19. g3 Nxd5 20. exd5 Bxd5 21. Qe3
Rxc3 22. bxc3 e4 23. Nb1 f5 24. Ra3 Nc5 25. Bb3 Nd3 26. Rd1 Be5 27. Rxd3 exd3
28. Qxd3 Bxb3 29. Rxb3 Qc6 30. Nf3 Bf6 31. Nd4 Qxa4 32. Ra3 Qe8 33. Qe2 Bxd4
34. Qxe8+ Rxe8 35. cxd4 Re1+ 36. Kg2 Rxb1 37. Rxa6 Kf7 38. Ra7+ Ke6 39. Rxh7 b5
40. Rb7 b4 41. Rb5 b3 42. Kf3 Kd7 43. Ke3 Kc6 44. Rb4 b2 45. Ke2 Kd5 46. h4 Ke4
47. f3+ Kd5 48. g4 Rh1 0-1

[Event "Mercredi 2018.11.14 ABCD"]
[Site "Montreal CAN"]
[Date "2018.12.12"]
[Round "5"]
[White "Lalonde, Paul"]
[Black "Zheng, Richard"]
[Result "0-1"]
[WhiteElo "1965"]
[BlackElo "2028"]
[PlyCount "62"]
[EventDate "2018.11.14"]
[EventType "tourn"]
[EventRounds "5"]
[EventCountry "CAN"]

1. e4 e5 2. Nf3 Nc6 3. Bb5 a6 4. Ba4 Nf6 5. O-O d6 6. d3 Be7 7. c3 O-O 8. h3
Re8 9. Nbd2 Bf8 10. Re1 b5 11. Bc2 Bb7 12. Nf1 g6 13. Ng3 Bg7 14. Be3 Qe7 15.
Qd2 Qf8 16. d4 Nd7 17. Rad1 Kh8 18. b3 Rad8 19. Qc1 Ne7 20. Bb1 f5 21. dxe5
dxe5 22. exf5 Bxf3 23. gxf3 Nxf5 24. Nxf5 gxf5 25. Qc2 e4 26. Bg5 Bf6 27. Bxf6+
Qxf6 28. fxe4 Ne5 29. Rxd8 Rxd8 30. Qe2 f4 31. Qh5 Qg7+ 0-1

[Event "Mercredi 2018.11.14 ABCD"]
[Site "Montreal CAN"]
[Date "2018.12.12"]
[Round "5"]
[White "Lopez Linares, Lizandro"]
[Black "Langlois-Remillard, Alexis"]
[Result "1/2-1/2"]
[WhiteElo "2269"]
[BlackElo "2157"]
[PlyCount "91"]
[EventDate "2018.11.14"]
[EventType "tourn"]
[EventRounds "5"]
[EventCountry "CAN"]

1. d4 g6 2. Nf3 Bg7 3. Bf4 d6 4. e3 Nd7 5. h3 e5 6. Bh2 Qe7 7. Be2 Ngf6 8. c4
Ne4 9. Nc3 Nxc3 10. bxc3 O-O 11. O-O b6 12. Rb1 Bb7 13. Re1 f5 14. Qa4 a5 15.
c5 dxc5 16. Bb5 Bxf3 17. gxf3 Rad8 18. Kh1 cxd4 19. exd4 f4 20. Re4 Rf5 21.
Rbe1 Nf8 22. dxe5 g5 23. Rd4 Rxe5 24. Qc4+ Kh8 25. Red1 Re1+ 26. Rxe1 Qxe1+ 27.
Bg1 Rxd4 28. cxd4 Qe6 29. Qd3 Qxh3+ 30. Bh2 Qe6 31. Bc4 Qd6 32. Qf5 Qd7 33.
Qxg5 Qxd4 34. Bd5 Qxf2 35. Bxf4 Qf1+ 36. Kh2 Qe2+ 37. Kh3 Ne6 38. Qf5 Nxf4+ 39.
Qxf4 Qf1+ 40. Kh2 Qf2+ 41. Kh3 Qc5 42. Qf7 Qf8 43. Qd7 Be5 44. Qe6 Bg7 45. Kg4
Bf6 46. f4 1/2-1/2

[Event "Mercredi 2018.11.14 ABCD"]
[Site "Montreal CAN"]
[Date "2018.12.12"]
[Round "5"]
[White "Nardone, Raul"]
[Black "Ostaci, Liviu"]
[Result "1/2-1/2"]
[WhiteElo "1747"]
[BlackElo "1712"]
[PlyCount "92"]
[EventDate "2018.11.14"]
[EventType "tourn"]
[EventRounds "5"]
[EventCountry "CAN"]

1. e4 e6 2. d4 d5 3. Nd2 dxe4 4. Nxe4 Nd7 5. Nf3 Ngf6 6. Nxf6+ Nxf6 7. Bd3 Be7
8. O-O b6 9. Ne5 O-O 10. Nc6 Qd6 11. Nxe7+ Qxe7 12. Bg5 Bb7 13. Qe2 h6 14. Bh4
c5 15. dxc5 Qxc5 16. Bxf6 gxf6 17. Qe3 Qxe3 18. fxe3 f5 19. Rf4 Kh8 20. Kf2 Rg8
21. g3 Rg4 22. h3 Rxf4+ 23. exf4 Rd8 24. Re1 Bd5 25. a3 Bb7 26. Re5 Rd4 27. Ke3
Rd8 28. Rb5 Rd5 29. a4 Bc6 30. Rb4 Rd6 31. b3 Kg7 32. Rd4 Rd7 33. Rxd7 Bxd7 34.
Bb5 Bc8 35. b4 f6 36. Kd4 Kf7 37. c4 a6 38. Bc6 Ke7 39. c5 bxc5+ 40. bxc5 Kd8
41. a5 Kc7 42. Ba4 Bb7 43. Bb3 Bc8 44. Ba4 Bb7 45. Bb3 Bc8 46. Ba4 Bb7 1/2-1/2

[Event "Mercredi 2018.11.14 ABCD"]
[Site "Montreal CAN"]
[Date "2018.12.12"]
[Round "5"]
[White "Nunez, Omar"]
[Black "Jacquet, Stephane"]
[Result "1/2-1/2"]
[WhiteElo "1973"]
[BlackElo "1924"]
[PlyCount "53"]
[EventDate "2018.11.14"]
[EventType "tourn"]
[EventRounds "5"]
[EventCountry "CAN"]

1. d4 d5 2. Bf4 Nf6 3. e3 g6 4. Be2 Bg7 5. h3 O-O 6. Nf3 Nbd7 7. O-O c5 8. c3
Qb6 9. Qb3 c4 10. Qc2 Ne4 11. Nbd2 Nxd2 12. Nxd2 e5 13. Bh2 exd4 14. cxd4 Nf6
15. Be5 Bf5 16. Qc3 Rfe8 17. Bf3 Qc6 18. Rfc1 b5 19. b3 Rxe5 20. dxe5 Nd7 21.
Qd4 Bxe5 22. Qxd5 Qxd5 23. Bxd5 Bxa1 24. Rxa1 Rd8 25. bxc4 Nb6 26. e4 bxc4 27.
Nxc4 1/2-1/2

[Event "Mercredi 2018.11.14 ABCD"]
[Site "Montreal CAN"]
[Date "2018.12.12"]
[Round "5"]
[White "O'Connor, Michael"]
[Black "Kapush, Oleksandr"]
[Result "0-1"]
[WhiteElo "1716"]
[BlackElo "1753"]
[PlyCount "72"]
[EventDate "2018.11.14"]
[EventType "tourn"]
[EventRounds "5"]
[EventCountry "CAN"]

1. Nf3 Nf6 2. d4 g6 3. c4 Bg7 4. Nc3 O-O 5. e4 d6 6. Be2 Nbd7 7. O-O e5 8. Be3
Ng4 9. Bg5 f6 10. Bh4 g5 11. Bg3 h5 12. Ne1 exd4 13. Nb5 Nc5 14. Bxg4 hxg4 15.
f3 gxf3 16. gxf3 f5 17. exf5 Bxf5 18. Nxd4 Bh3 19. Rf2 Qf6 20. Nb3 Ne6 21. Qd5
b6 22. Rd1 Kh8 23. Nd3 Rae8 24. f4 Qg6 25. fxg5 Nxg5 26. Nf4 Qh6 27. Qd3 Bf5
28. Qf1 Be4 29. h4 Bb7 30. Re1 Ne4 31. Rg2 Nxg3 32. Rxg3 Rxe1 33. Ng6+ Qxg6 34.
Qxe1 Qh5 35. Rg5 Qf3 36. Kh2 Be5+ 0-1

[Event "Mercredi 2018.11.14 ABCD"]
[Site "Montreal CAN"]
[Date "2018.12.12"]
[Round "5"]
[White "Pomerantz, Daniel"]
[Black "Have, Didier"]
[Result "1-0"]
[WhiteElo "2120"]
[BlackElo "2058"]
[PlyCount "69"]
[EventDate "2018.11.14"]
[EventType "tourn"]
[EventRounds "5"]
[EventCountry "CAN"]

1. e4 d6 2. d4 Nf6 3. Nc3 Nbd7 4. Nf3 e5 5. Bc4 Be7 6. O-O c6 7. a4 Qc7 8. Re1
h6 9. Ba2 Nf8 10. Qd3 Ng6 11. Ne2 Nh5 12. h3 O-O 13. g4 Nhf4 14. Nxf4 Nxf4 15.
Bxf4 exf4 16. e5 Kh8 17. exd6 Bxd6 18. Ne5 Bxe5 19. Rxe5 Be6 20. Bxe6 fxe6 21.
Rxe6 Rae8 22. Rae1 Qd7 23. Rxe8 Rxe8 24. Rxe8+ Qxe8 25. Kg2 Qe7 26. c4 Qd6 27.
d5 b6 28. Qe4 cxd5 29. cxd5 Qc7 30. h4 a6 31. g5 hxg5 32. hxg5 Qd7 33. Qe6 Qxa4
34. g6 f3+ 35. Kg3 1-0

[Event "Mercredi 2018.11.14 ABCD"]
[Site "Montreal CAN"]
[Date "2018.12.12"]
[Round "5"]
[White "Zhang, Chu Hang"]
[Black "Beaulieu, Pierre"]
[Result "1-0"]
[WhiteElo "1807"]
[BlackElo "1893"]
[PlyCount "77"]
[EventDate "2018.11.14"]
[EventType "tourn"]
[EventRounds "5"]
[EventCountry "CAN"]

1. e4 b6 2. g3 Bb7 3. Bg2 Nf6 4. d3 e6 5. Ne2 d5 6. e5 Nfd7 7. d4 Be7 8. O-O c5
9. f4 g6 10. c3 Nc6 11. Kh1 h5 12. h3 Ba6 13. Be3 Rc8 14. Rf2 Qc7 15. Nd2 Bxe2
16. Rxe2 cxd4 17. cxd4 Na5 18. Nf3 O-O 19. Ng5 Nc4 20. Qd3 Nxe3 21. Nxe6 Qc4
22. Qxc4 Nxc4 23. Nxf8 Nxf8 24. Bxd5 Na5 25. Be4 Rc4 26. Rd1 Ne6 27. d5 Nc5 28.
d6 Bd8 29. Bd5 Rb4 30. a3 Ra4 31. b4 Rxa3 32. bxc5 bxc5 33. Kg2 h4 34. g4 c4
35. Bxf7+ Kxf7 36. e6+ Ke8 37. e7 Rd3 38. d7+ Rxd7 39. Rxd7 1-0

[Event "Millenium"]
[Site "Quebec CAN"]
[Date "2018.10.10"]
[Round "1"]
[White "Cossette, Daniel"]
[Black "Beauchesne, Jonathan"]
[Result "1-0"]
[WhiteElo "2084"]
[BlackElo "1783"]
[PlyCount "61"]
[EventDate "2018.10.10"]
[EventType "swiss"]
[EventRounds "5"]
[EventCountry "CAN"]

1. e4 c5 2. Nf3 d6 3. Bb5+ Bd7 4. Bxd7+ Qxd7 5. c4 b5 6. cxb5 Qxb5 7. d4 cxd4
8. Nxd4 Qb4+ 9. Nc3 Nf6 10. O-O g6 11. Ndb5 Qc5 12. Be3 Qc6 13. Nxa7 Qb7 14.
Nab5 Nxe4 15. Qd5 Qxd5 16. Nxd5 Ra5 17. Rfc1 Na6 18. Rc8+ Kd7 19. Nb6+ Ke6 20.
Nd4+ Kf6 21. Nd7+ Kg7 22. Nxf8 Nf6 23. Nde6+ fxe6 24. Nxe6+ Kf7 25. Rxh8 Kxe6
26. Ra8 Nd5 27. Bd2 Ra4 28. Re1+ Kd7 29. a3 Nb6 30. Rh8 Rh4 31. Bg5 1-0

[Event "Millenium"]
[Site "Quebec CAN"]
[Date "2018.10.10"]
[Round "1"]
[White "Potvin, Alain-Nicolas"]
[Black "Tremblay, Rejean"]
[Result "0-1"]
[WhiteElo "1811"]
[BlackElo "2220"]
[PlyCount "74"]
[EventDate "2018.10.10"]
[EventType "swiss"]
[EventRounds "5"]
[EventCountry "CAN"]

1. d4 Nf6 2. Nf3 g6 3. e3 Bg7 4. Bd3 O-O 5. b3 b6 6. Bb2 Bb7 7. Nbd2 c5 8. O-O
Nc6 9. a3 Rc8 10. Rc1 d5 11. Qe2 e6 12. c4 cxd4 13. Nxd4 Qd6 14. N2f3 Nxd4 15.
Nxd4 a6 16. Nf3 dxc4 17. Bxc4 Ng4 18. Rfd1 Qb8 19. Bxg7 Bxf3 20. Qxf3 Qxh2+ 21.
Kf1 Qh4 22. Ke2 Kxg7 23. Bxa6 Ra8 24. Bb7 Rxa3 25. Rc4 h5 26. g3 Qe7 27. Rc3
Qb4 28. Qc6 Ne5 29. Qc7 Qb5+ 30. Ke1 Ra2 31. Rc2 Nd3+ 32. Rxd3 Qxd3 33. Rxa2
Qb1+ 34. Kd2 Qxa2+ 35. Qc2 Rd8+ 36. Kc3 Qa1+ 37. Kb4 Qa5+ 0-1

[Event "Millenium"]
[Site "Quebec CAN"]
[Date "2018.10.17"]
[Round "2"]
[White "Beauchesne, Jonathan"]
[Black "Pouliot, Lewis"]
[Result "1-0"]
[WhiteElo "1783"]
[BlackElo "1424"]
[PlyCount "85"]
[EventDate "2018.10.10"]
[EventType "swiss"]
[EventRounds "5"]
[EventCountry "CAN"]

1. e4 e6 2. d4 d5 3. Nd2 Nf6 4. e5 Nfd7 5. Ngf3 b6 6. Bd3 c5 7. c3 cxd4 8. cxd4
Ba6 9. Qe2 Bxd3 10. Qxd3 Nc6 11. a3 Rc8 12. O-O Be7 13. b4 O-O 14. Nb3 f6 15.
Bb2 fxe5 16. dxe5 Rf5 17. Rfe1 Nf8 18. Nbd4 Nxd4 19. Nxd4 Rf7 20. Rac1 Bg5 21.
Rc6 Qd7 22. b5 Rxc6 23. Nxc6 Qb7 24. g3 Nd7 25. f4 Nc5 26. Qc2 Be7 27. Bd4 a5
28. Rc1 h5 29. Nxe7+ Qxe7 30. Bxc5 Qxc5+ 31. Qxc5 bxc5 32. Rxc5 Rb7 33. a4 Kf7
34. Rc6 Rd7 35. Kf2 Ke7 36. Ke3 g6 37. Kd4 Rb7 38. b6 Kd7 39. Rd6+ Ke7 40. Kc5
Rd7 41. Kc6 Rxd6+ 42. exd6+ Kd8 43. b7 1-0

[Event "Millenium"]
[Site "Quebec CAN"]
[Date "2018.10.17"]
[Round "2"]
[White "Dube, Daniel"]
[Black "Cossette, Daniel"]
[Result "1-0"]
[WhiteElo "1819"]
[BlackElo "2084"]
[PlyCount "107"]
[EventDate "2018.10.10"]
[EventType "swiss"]
[EventRounds "5"]
[EventCountry "CAN"]

1. e4 c5 2. Nf3 Nc6 3. d4 cxd4 4. Nxd4 Nf6 5. Nc3 g6 6. Nxc6 dxc6 7. Qxd8+ Kxd8
8. Bc4 Bg7 9. f3 Ke8 10. O-O Nd7 11. Be3 e5 12. Rfd1 Bf8 13. Rd2 Bc5 14. Kf2
Bxe3+ 15. Kxe3 Nc5 16. Rad1 Be6 17. Bxe6 Nxe6 18. Ne2 Rd8 19. Rxd8+ Nxd8 20. h4
h5 21. g3 Ne6 22. f4 exf4+ 23. gxf4 Ke7 24. Ng3 Rd8 25. Rxd8 Kxd8 26. f5 Nf8
27. Kf4 Nh7 28. e5 Ke7 29. c4 Nf8 30. f6+ Kd7 31. Ne4 Ne6+ 32. Ke3 Nd8 33. Ng5
Ke8 34. b4 b6 35. b5 cxb5 36. cxb5 Nb7 37. Kd4 Nc5 38. Kd5 Nd3 39. Kd6 Kf8 40.
e6 fxe6 41. Kxe6 Nf4+ 42. Kd6 Ng2 43. Nf3 Kf7 44. Ke5 Kf8 45. Ng5 Kg8 46. Ke6
Nf4+ 47. Kd7 Nd5 48. f7+ Kg7 49. Kc6 Ne7+ 50. Kb7 Nf5 51. Kxa7 Nxh4 52. Kxb6
Nf5 53. Kc7 h4 54. b6 1-0

[Event "Millenium"]
[Site "Quebec CAN"]
[Date "2018.10.17"]
[Round "2"]
[White "Tremblay, Rejean"]
[Black "Marquis, Paul"]
[Result "1-0"]
[WhiteElo "2220"]
[BlackElo "1898"]
[PlyCount "81"]
[EventDate "2018.10.10"]
[EventType "swiss"]
[EventRounds "5"]
[EventCountry "CAN"]

1. e4 c5 2. Nf3 Nc6 3. Bb5 Qc7 4. O-O d6 5. Nc3 Nf6 6. d4 cxd4 7. Qxd4 Bd7 8.
Bxc6 Bxc6 9. Bg5 e5 10. Qd3 Be7 11. Rfd1 Rd8 12. b4 b6 13. Rac1 O-O 14. Bxf6
Bxf6 15. b5 Bb7 16. Nd5 Bxd5 17. Qxd5 Qc5 18. Qxc5 dxc5 19. c4 Rfe8 20. Kf1 g5
21. h3 h5 22. g4 hxg4 23. hxg4 Kg7 24. Ke2 Rd4 25. Nxd4 exd4 26. Kd3 Be5 27.
Rh1 Kg6 28. a4 a5 29. bxa6 Ra8 30. Ra1 Rxa6 31. Rhb1 Bc7 32. Rb5 Kf6 33. a5 Bd8
34. Rab1 bxa5 35. Rxc5 a4 36. Rcb5 a3 37. Ra1 Ke6 38. Ra2 f6 39. Kxd4 Bb6+ 40.
Rxb6+ Rxb6 41. Rxa3 1-0

[Event "Millenium"]
[Site "Quebec CAN"]
[Date "2018.10.24"]
[Round "3"]
[White "Beauchesne, Jonathan"]
[Black "Glode, Martin"]
[Result "1/2-1/2"]
[WhiteElo "1783"]
[BlackElo "1926"]
[PlyCount "57"]
[EventDate "2018.10.10"]
[EventType "swiss"]
[EventRounds "5"]
[EventCountry "CAN"]

1. e4 e6 2. d4 d5 3. exd5 exd5 4. h3 c6 5. Nf3 Bd6 6. c4 Qe7+ 7. Be3 Nf6 8. Bd3
dxc4 9. Bxc4 Nbd7 10. O-O Nb6 11. Bb3 O-O 12. Bg5 Nbd5 13. Nc3 Qc7 14. Nxd5
Nxd5 15. Rc1 Be6 16. Re1 Rfe8 17. a3 h6 18. Bd2 Rad8 19. Ne5 Qb6 20. Bxd5 Bxd5
21. Bc3 Qc7 22. Qd2 f6 23. Nd3 Qf7 24. Nf4 Bb3 25. Nd3 Bd5 26. Nf4 Bb3 27. Bb4
Bb8 28. Bc3 Bd6 29. Nd3 1/2-1/2

[Event "Millenium"]
[Site "Quebec CAN"]
[Date "2018.10.24"]
[Round "3"]
[White "Dube, Daniel"]
[Black "Tremblay, Rejean"]
[Result "1/2-1/2"]
[WhiteElo "1819"]
[BlackElo "2220"]
[PlyCount "58"]
[EventDate "2018.10.10"]
[EventType "swiss"]
[EventRounds "5"]
[EventCountry "CAN"]

1. d4 Nf6 2. c4 e6 3. Nf3 b6 4. g3 Ba6 5. b3 d5 6. Bg2 c6 7. O-O Be7 8. Nc3 O-O
9. Ne5 Nfd7 10. Nxd7 Qxd7 11. cxd5 cxd5 12. Re1 Nc6 13. Bb2 f5 14. Rc1 Rac8 15.
Qd2 Rc7 16. e3 Rfc8 17. Bf1 Bxf1 18. Rxf1 Kh8 19. Nb5 Rb7 20. Ba3 a6 21. Bxe7
Qxe7 22. Nc3 b5 23. Qb2 Kg8 24. Rfd1 Rbc7 25. Ne2 Nd8 26. Rxc7 Rxc7 27. Rc1 b4
28. Rxc7 Qxc7 29. Qc1 Qxc1+ 1/2-1/2

[Event "Millenium"]
[Site "Quebec CAN"]
[Date "2018.10.31"]
[Round "4"]
[White "Laprade, Jean jr"]
[Black "Beauchesne, Jonathan"]
[Result "1/2-1/2"]
[WhiteElo "1651"]
[BlackElo "1783"]
[PlyCount "89"]
[EventDate "2018.10.10"]
[EventType "swiss"]
[EventRounds "5"]
[EventCountry "CAN"]

1. e4 Nc6 2. d4 d5 3. e5 Bf5 4. c3 f6 5. exf6 Nxf6 6. Nf3 h6 7. Bb5 Bd7 8. O-O
e6 9. Bf4 Bd6 10. Bxd6 cxd6 11. Bd3 O-O 12. Re1 Qc7 13. Bc2 e5 14. h3 e4 15.
Nh2 Rae8 16. Nd2 Ne7 17. Ndf1 Ng6 18. Ne3 Nf4 19. h4 N6h5 20. Bb3 Nf6 21. Rc1
Qd8 22. Rc2 b5 23. g3 Nd3 24. Ree2 Be6 25. Qb1 Qd7 26. Rcd2 b4 27. cxb4 Nxb4
28. a3 Na6 29. Qa2 Qf7 30. Rc2 Rc8 31. Qb1 Nb8 32. Qc1 Qd7 33. Rxc8 Rxc8 34.
Rc2 Rxc2 35. Qxc2 Qc6 36. Qxc6 Nxc6 37. Nc2 Na5 38. Ba2 Nd7 39. Kf1 Kf8 40. Ke1
Nb6 41. b3 Bh3 42. Nf1 Bxf1 43. Kxf1 Nc6 44. Ke2 Ke7 45. Ke3 1/2-1/2

[Event "Millenium"]
[Site "Quebec CAN"]
[Date "2018.10.31"]
[Round "4"]
[White "Marquis, Paul"]
[Black "Cossette, Daniel"]
[Result "1/2-1/2"]
[WhiteElo "1898"]
[BlackElo "2084"]
[PlyCount "95"]
[EventDate "2018.10.10"]
[EventType "swiss"]
[EventRounds "5"]
[EventCountry "CAN"]

1. c4 e6 2. Nf3 d5 3. g3 c5 4. Bg2 Nc6 5. O-O Nf6 6. b3 Be7 7. Bb2 O-O 8. cxd5
exd5 9. d4 Ne4 10. Nc3 Bf6 11. Rc1 cxd4 12. Nb5 Qa5 13. Nfxd4 Nxd4 14. Nxd4
Qxa2 15. Qc2 Bxd4 16. Bxd4 Qxc2 17. Rxc2 Bd7 18. Rd1 Bc6 19. f3 Ng5 20. Ra2 a6
21. f4 Ne6 22. Bb6 g5 23. fxg5 Nxg5 24. Ra5 f6 25. Rd4 Rae8 26. Kf2 Rf7 27. Rg4
Rg7 28. Rf4 Rge7 29. e3 Rf7 30. Rg4 Rg7 31. Rf4 Rg6 32. Bd4 Re6 33. Bf1 Bb5 34.
Bxb5 Nh3+ 35. Kg2 Nxf4+ 36. exf4 axb5 37. f5 Re2+ 38. Kf1 Rd2 39. fxg6 Rxd4 40.
gxh7+ Kxh7 41. Rxb5 Rd1+ 42. Ke2 Rb1 43. Rxb7+ Kg6 44. b4 Kf5 45. b5 Rb2+ 46.
Ke3 Rb3+ 47. Ke2 Rb2+ 48. Ke3 1/2-1/2

[Event "Millenium"]
[Site "Quebec CAN"]
[Date "2018.10.31"]
[Round "4"]
[White "Tremblay, Rejean"]
[Black "Bernatchez, Dan"]
[Result "1/2-1/2"]
[WhiteElo "2220"]
[BlackElo "1974"]
[PlyCount "116"]
[EventDate "2018.10.10"]
[EventType "swiss"]
[EventRounds "5"]
[EventCountry "CAN"]

1. d4 Nf6 2. c4 e6 3. Nc3 Bb4 4. Qc2 c5 5. dxc5 Na6 6. a3 Bxc3+ 7. Qxc3 Nxc5 8.
b4 Nce4 9. Qd4 d5 10. cxd5 Qxd5 11. Bb2 Qxd4 12. Bxd4 b6 13. f3 Nd6 14. e4 Bb7
15. Bd3 Nd7 16. Ne2 Rc8 17. O-O O-O 18. Rfd1 Rfd8 19. Rac1 Rxc1 20. Rxc1 Rc8
21. Rxc8+ Bxc8 22. Ng3 f6 23. Nf1 e5 24. Bf2 Kf7 25. Nd2 Nf8 26. a4 Be6 27. Nb1
Ke7 28. Nc3 Kd7 29. a5 Kc7 30. axb6+ axb6 31. Kf1 Kc6 32. Ke2 Nd7 33. h4 b5 34.
Nd5 Bxd5 35. exd5+ Kxd5 36. Bxh7 Kc4 37. Be1 Kd4 38. Bg8 Nc4 39. Bf2+ Kc3 40.
Bc5 Nb2 41. g3 Nd3 42. Be7 Nxb4 43. Be6 Nb6 44. Bf8 Nc6 45. Bg8 g6 46. Bf7 Nd7
47. Bg7 Nd4+ 48. Kf2 b4 49. Bxg6 b3 50. g4 Nc2 51. h5 b2 52. Bxc2 Kxc2 53. h6
b1=Q 54. h7 Kd2 55. h8=Q Qe1+ 56. Kg2 Qe2+ 57. Kg3 Qe1+ 58. Kg2 Qe2+ 1/2-1/2

[Event "Millenium"]
[Site "Quebec CAN"]
[Date "2018.11.07"]
[Round "5"]
[White "Cossette, Daniel"]
[Black "Laprade, Jean jr"]
[Result "1-0"]
[WhiteElo "2084"]
[BlackElo "1651"]
[PlyCount "79"]
[EventDate "2018.10.10"]
[EventType "swiss"]
[EventRounds "5"]
[EventCountry "CAN"]

1. e4 c5 2. Nf3 d6 3. Bb5+ Bd7 4. Bxd7+ Nxd7 5. d4 cxd4 6. Qxd4 Ngf6 7. O-O Qb6
8. Re1 Qxd4 9. Nxd4 a6 10. c4 g6 11. f3 Bg7 12. Be3 O-O 13. Nd2 Rac8 14. b4 Ne5
15. Rec1 Nfd7 16. Rab1 Nc6 17. Nxc6 bxc6 18. Nb3 Rb8 19. Na5 Rfc8 20. Kf1 Kf8
21. a3 h5 22. Ke2 f6 23. c5 dxc5 24. Bxc5 Nxc5 25. Rxc5 Rb6 26. Rbc1 Bh6 27.
Rxc6 Rbxc6 28. Rxc6 Rxc6 29. Nxc6 Bc1 30. a4 Bf4 31. g3 Bd6 32. Kd3 Ke8 33. Kc4
Kd7 34. b5 Kc7 35. Nd4 Kb6 36. bxa6 Kxa6 37. Kd5 Ka5 38. Ke6 Kxa4 39. Nc6 g5
40. Nxe7 1-0

[Event "Millenium"]
[Site "Quebec CAN"]
[Date "2018.11.07"]
[Round "5"]
[White "Tremblay, Rejean"]
[Black "Cote, Frederic"]
[Result "1-0"]
[WhiteElo "2220"]
[BlackElo "1452"]
[PlyCount "51"]
[EventDate "2018.10.10"]
[EventType "swiss"]
[EventRounds "5"]
[EventCountry "CAN"]

1. d4 Nf6 2. c4 e6 3. Nf3 b6 4. a3 Ba6 5. Qa4 Be7 6. Nc3 O-O 7. e4 d5 8. cxd5
Bxf1 9. Kxf1 exd5 10. e5 Ne4 11. Be3 c5 12. dxc5 Bxc5 13. Nxe4 Bxe3 14. Rd1 Qe7
15. Rxd5 Bc1 16. Qc2 Qb7 17. Nc3 Bh6 18. h4 Nc6 19. Ng5 g6 20. Nce4 Nb4 21.
axb4 Bxg5 22. hxg5 Rfc8 23. Nf6+ Kf8 24. Qd2 Rc7 25. Rd8+ Ke7 26. Qd6# 1-0

[Event "Montcalm 1 2018-19"]
[Site "Quebec CAN"]
[Date "2018.09.06"]
[Round "1"]
[White "Drolet, Stephane"]
[Black "Genest, Dominic"]
[Result "1-0"]
[WhiteElo "2060"]
[BlackElo "1710"]
[PlyCount "65"]
[EventDate "2018.09.06"]
[EventType "swiss"]
[EventRounds "5"]
[EventCountry "CAN"]

1. d4 d5 2. Bf4 Nf6 3. e3 e6 4. Nf3 c5 5. c3 Nc6 6. Nbd2 cxd4 7. exd4 Be7 8.
Bd3 O-O 9. Ne5 Re8 10. Qf3 Bf8 11. Bg5 h6 12. Bh4 Be7 13. g4 Nxe5 14. dxe5 Nxg4
15. Bxe7 Nxe5 16. Bxd8 Nxf3+ 17. Nxf3 Rxd8 18. O-O-O Bd7 19. Rhg1 Rac8 20. Kb1
f6 21. Bc2 Be8 22. Nd4 Bh5 23. Rde1 e5 24. Nf5 Rc7 25. Nxh6+ Kf8 26. Ng4 Rc4
27. h3 d4 28. Bb3 Rcc8 29. cxd4 Rxd4 30. Rd1 Bg6+ 31. Ka1 Rcd8 32. Rxd4 Rxd4
33. Nxe5 1-0